[Event "Skopje op"]
[Site "Skopje"]
[Date "2023.12.10"]
[Round "6"]
[White "Alexieva, Silvia"]
[Black "Ajradinoska, Indzi"]
[Result "1-0"]
[WhiteElo "2152"]
[BlackElo "1585"]
[PlyCount "115"]
[EventDate "2023.12.06"]
[EventType "swiss"]
[EventRounds "9"]
[EventCountry "MKD"]
[SourceTitle "CB50_2023"]
[SourceDate "2023.12.13"]
[SourceVersion "1"]
[SourceVersionDate "2023.12.13"]
[SourceQuality "1"]

1. d4 e6 2. Nf3 Nf6 3. g3 b6 4. Bg2 Bb7 5. 0-0 Be7 6. c4 0-0 7. Nc3 c5 8. d5 d6 9. e4 Na6 10. e5 dxe5 11. Nxe5 exd5 12. cxd5 Bd6 13. Nc4 Nc7 14. Bg5 Nce8 15. Ne4 Ba6 16. Ncxd6 Nxd6 17. Nxf6+ gxf6 18. Bh6 f5 19. Re1 Re8 20. Rxe8+ Qxe8 21. Qd2 f6 22. Re1 Qf7 23. Re6 Rd8 24. Bf3 Bc8 25. Re1 Nc4 26. Qc3 Ne5 27. Bg2 Bb7 28. h3 Bxd5 29. Bf4 Bxg2 30. Bxe5 fxe5 31. Kxg2 Qd5+ 32. Kg1 Re8 33. Qc2 e4 34. Qc1 Re6 35. Rd1 Qe5 36. Qg5+ Kf8 37. Rd8+ Re8 38. Rd7 Re7 39. Rxe7 Qxe7 40. Qxf5+ Ke8 41. Qh5+ Kd8 42. Qd5+ Ke8 43. Kg2 e3 44. Qa8+ Kf7 45. Qf3+ Kg7 46. fxe3 a6 47. Qg4+ Kf8 48. Qf5+ Kg8 49. e4 b5 50. h4 Qd6 51. e5 Qd5+ 52. Kh3 c4 53. Qg5+ Kf8 54. Qf6+ Ke8 55. e6 Qh1+ 56. Kg4 Qd1+ 57. Kg5 Qd2+ 58. Kh5 1-0

[Event "Skopje op"]
[Site "Skopje"]
[Date "2023.12.08"]
[Round "4"]
[White "Alexieva, Silvia"]
[Black "Baglan, Esat"]
[Result "0-1"]
[WhiteElo "2152"]
[BlackElo "2342"]
[PlyCount "46"]
[EventDate "2023.12.06"]
[EventType "swiss"]
[EventRounds "9"]
[EventCountry "MKD"]
[SourceTitle "CB50_2023"]
[SourceDate "2023.12.13"]
[SourceVersion "1"]
[SourceVersionDate "2023.12.13"]
[SourceQuality "1"]

1. c4 Nf6 2. Nf3 g6 3. Nc3 Bg7 4. e4 d6 5. d4 0-0 6. Be2 Nbd7 7. 0-0 e5 8. Qc2 Qe7 9. Rd1 c6 10. Rb1 exd4 11. Nxd4 Re8 12. f3 Nb6 13. b4 Nfd7 14. Nb3 d5 15. cxd5 Qxb4 16. Bb2 Nc4 17. Bxc4 Qxc4 18. Kh1 cxd5 19. Rxd5 Ne5 20. Rc5 Qd3 21. Rxe5 Qxc2 22. Rxe8+ Bf8 23. Ba3 Bh3 0-1

[Event "Skopje op"]
[Site "Skopje"]
[Date "2023.12.08"]
[Round "3"]
[White "Stoyanov, Stoyan Or"]
[Black "Alexieva, Silvia"]
[Result "1/2-1/2"]
[WhiteElo "2320"]
[BlackElo "2152"]
[PlyCount "135"]
[EventDate "2023.12.06"]
[EventType "swiss"]
[EventRounds "9"]
[EventCountry "MKD"]
[SourceTitle "CB50_2023"]
[SourceDate "2023.12.13"]
[SourceVersion "1"]
[SourceVersionDate "2023.12.13"]
[SourceQuality "1"]

1. d4 Nf6 2. c4 e6 3. g3 c5 4. d5 exd5 5. cxd5 d6 6. Nc3 g6 7. Bg2 Bg7 8. Nf3 0-0 9. 0-0 Re8 10. Bf4 a6 11. a4 Ne4 12. Nxe4 Rxe4 13. Nd2 Rb4 14. Ne4 Bf5 15. Nxd6 Rxf4 16. Nxb7 Qb6 17. gxf4 Qxb7 18. d6 Be4 19. d7 Nxd7 20. Bxe4 Qxe4 21. Qxd7 Qxf4 22. Qc6 Rb8 23. e3 Qg4+ 24. Kh1 Bxb2 25. Rab1 c4 26. f3 Qh4 27. Rfc1 Rb4 28. Rc2 c3 29. a5 Qd8 30. Qxa6 Ra4 31. Qe2 Rxa5 32. Rd1 Qf6 33. f4 Ra4 34. Qd3 Qc6+ 35. Qd5 Qa6 36. Qd8+ Kg7 37. Qd6 Qb7+ 38. Qd5 Qe7 39. Re2 Re4 40. Qd3 Qe6 41. Rf1 Qc6 42. Kg1 Rc4 43. Rc2 Re4 44. Rb1 Qe6 45. Kf2 Qf5 46. Rd1 Qe6 47. Re2 h5 48. Qd5 Qe7 49. Kf3 Re6 50. Qd4+ Kh7 51. Qd7 Qf6 52. Rd5 Re7 53. Qd6 Qh4 54. Rg5 Qh3+ 55. Rg3 Qf1+ 56. Rf2 Qh1+ 57. Rgg2 Ra7 58. f5 Qb1 59. e4 gxf5 60. Rg7+ Kxg7 61. Qe5+ Kh7 62. Qxf5+ Kh6 63. Qf4+ Kh7 64. Qf5+ Kh6 65. Qf6+ Kh7 66. Qf5+ Kh6 67. Qf4+ Kh7 68. Qf5+ 1/2-1/2

[Event "Skopje op"]
[Site "Skopje"]
[Date "2023.12.07"]
[Round "2"]
[White "Alexieva, Silvia"]
[Black "Eftovski, Mateo"]
[Result "1-0"]
[WhiteElo "2152"]
[BlackElo "1976"]
[PlyCount "107"]
[EventDate "2023.12.06"]
[EventType "swiss"]
[EventRounds "9"]
[EventCountry "MKD"]
[SourceTitle "CB50_2023"]
[SourceDate "2023.12.13"]
[SourceVersion "1"]
[SourceVersionDate "2023.12.13"]
[SourceQuality "1"]

1. c4 c6 2. Nf3 Nf6 3. b3 d5 4. Bb2 Bf5 5. g3 e6 6. Bg2 Be7 7. 0-0 0-0 8. d3 a5 9. a3 h6 10. Nbd2 Na6 11. Rc1 Bh7 12. Qc2 Nd7 13. cxd5 exd5 14. Bh3 Bf6 15. Nd4 Re8 16. Rfe1 Nf8 17. N2f3 Bg6 18. e4 dxe4 19. dxe4 Nh7 20. Rcd1 Qb6 21. Bf5 c5 22. Bxg6 fxg6 23. Qc4+ Kh8 24. e5 cxd4 25. Bxd4 Qc7 26. exf6 Nxf6 27. Qd3 Rad8 28. Qxg6 Rf8 29. Nh4 Qf7 30. Bxf6 Rxd1 31. Bxg7+ Qxg7 32. Rxd1 Qf6 33. Qc2 Rd8 34. Rxd8+ Qxd8 35. Qg6 Qd1+ 36. Kg2 Qd5+ 37. Kh3 Qxb3 38. Nf5 Qc3 39. Qe8+ Kh7 40. Qf7+ Kh8 41. Qxb7 Nc5 42. Qe7 Nd3 43. Qe3 a4 44. Qxh6+ Kg8 45. Qe6+ Kh8 46. Qe8+ Kh7 47. Qf7+ Kh8 48. Ne7 Qg7 49. Qe8+ Kh7 50. f4 Nf2+ 51. Kg2 Ng4 52. Qh5+ Nh6 53. Nf5 Qb7+ 54. Kh3 1-0

[Event "FRA-chT Top 16 Gp Haute"]
[Site "Chartres"]
[Date "2023.06.09"]
[Round "2.3"]
[White "Alexieva, Silvia"]
[Black "Milliet, Sophie"]
[Result "1/2-1/2"]
[WhiteElo "2213"]
[BlackElo "2384"]
[PlyCount "109"]
[EventDate "2023.06.08"]
[EventType "team-tourn"]
[EventRounds "4"]
[EventCountry "FRA"]
[SourceTitle "CBM 214 Extra"]
[Source "ChessBase"]
[SourceDate "2023.07.31"]
[SourceVersion "1"]
[SourceVersionDate "2023.07.31"]
[SourceQuality "1"]
[WhiteTeam "Chalon"]
[BlackTeam "Grasse Echecs"]
[WhiteTeamCountry "FRA"]
[BlackTeamCountry "FRA"]

1. Nf3 d5 2. g3 Nf6 3. Bg2 e6 4. c4 Be7 5. 0-0 0-0 6. b3 d4 7. e3 c5 8. exd4 cxd4 9. d3 Nc6 10. Re1 Re8 11. Bb2 a5 12. a3 Ra6 13. Nbd2 Bf8 14. Ne5 Nxe5 15. Rxe5 Nd7 16. Re2 e5 17. Qc2 Nc5 18. b4 axb4 19. axb4 Rxa1+ 20. Bxa1 Na6 21. b5 Nb4 22. Qb3 Bf5 23. Ne4 Qa5 24. Bb2 Ra8 25. h3 Qa4 26. Qxa4 Rxa4 27. g4 Bd7 28. Rd2 Ra2 29. Bf1 f5 30. gxf5 Bxf5 31. f3 Be7 32. Kh2 Kf7 33. Kg3 Ke6 34. h4 h6 35. Rh2 Kd7 36. Rf2 Kc7 37. h5 Bxe4 38. fxe4 Kb6 39. Kg4 Ka5 40. Kf5 Bf6 41. Bxd4 exd4 42. Rxa2+ Nxa2 43. e5 Bg5 44. Ke6 Bf4 45. Kd5 Nc3+ 46. Kxd4 Kb4 47. Bg2 b6 48. Bf3 Bg5 49. Bg4 Be7 50. Ke3 Na4 51. Kd4 Nc3 52. Ke3 Bg5+ 53. Kd4 Bf4 54. e6 Bd6 55. Bf3 1/2-1/2

[Event "FRA-chT Top 16 Gp Haute"]
[Site "Chartres"]
[Date "2023.06.08"]
[Round "1.3"]
[White "Guichard, Pauline"]
[Black "Alexieva, Silvia"]
[Result "1-0"]
[WhiteElo "2395"]
[BlackElo "2213"]
[PlyCount "55"]
[EventDate "2023.06.08"]
[EventType "team-tourn"]
[EventRounds "4"]
[EventCountry "FRA"]
[SourceTitle "CBM 214 Extra"]
[Source "ChessBase"]
[SourceDate "2023.07.31"]
[SourceVersion "1"]
[SourceVersionDate "2023.07.31"]
[SourceQuality "1"]
[WhiteTeam "Asnieres"]
[BlackTeam "Chalon"]
[WhiteTeamCountry "FRA"]
[BlackTeamCountry "FRA"]

1. d4 Nf6 2. c4 e6 3. Nf3 b6 4. g3 Ba6 5. b3 Bb4+ 6. Bd2 Be7 7. Nc3 d5 8. cxd5 exd5 9. Bg2 0-0 10. 0-0 Re8 11. Ne5 Bb7 12. Bf4 Nbd7 13. Rc1 c6 14. e4 dxe4 15. Nxe4 Nxe5 16. Bxe5 Nxe4 17. Bxe4 f6 18. Qh5 g6 19. Bxg6 hxg6 20. Qxg6+ Kh8 21. Rfe1 Qd7 22. Re4 fxe5 23. Rxe5 Bg5 24. Qh5+ Qh7 25. Rxe8+ Rxe8 26. Qxe8+ Kg7 27. Re1 c5 28. Qd7+ 1-0

[Event "FRA-chT Top 16 GpA"]
[Site "Chartres"]
[Date "2023.06.05"]
[Round "5.3"]
[White "Sebag, Marie"]
[Black "Alexieva, Silvia"]
[Result "1-0"]
[WhiteElo "2430"]
[BlackElo "2204"]
[PlyCount "65"]
[EventDate "2023.06.01"]
[EventType "team-tourn"]
[EventRounds "7"]
[EventCountry "FRA"]
[SourceTitle "CBM 214 Extra"]
[Source "ChessBase"]
[SourceDate "2023.07.31"]
[SourceVersion "1"]
[SourceVersionDate "2023.07.31"]
[SourceQuality "1"]
[WhiteTeam "Bischwiller"]
[BlackTeam "Chalon"]
[WhiteTeamCountry "FRA"]
[BlackTeamCountry "FRA"]

1. e4 c5 2. Nf3 e6 3. c3 Nf6 4. e5 Nd5 5. d4 cxd4 6. cxd4 d6 7. Bc4 Nc6 8. 0-0 Be7 9. Qe2 0-0 10. Nc3 Nxc3 11. bxc3 dxe5 12. dxe5 Qa5 13. Bd2 Rd8 14. Rfe1 b6 15. h4 Bb7 16. a4 Rac8 17. Bb5 a6 18. Reb1 axb5 19. axb5 Qxa1 20. Rxa1 Na5 21. Be3 Bc5 22. h5 h6 23. Bxc5 Rxc5 24. Rd1 Bd5 25. Nd2 Rxc3 26. Ne4 Rc7 27. Nd6 Ra8 28. Qe3 Rc5 29. Qf4 Ra7 30. Rd3 Nc4 31. Ne8 Kf8 32. Nxg7 Nb2 33. Nxe6+ 1-0

[Event "FRA-ch (Women)"]
[Site "Albi"]
[Date "2022.08.13"]
[Round "1.4"]
[White "Alexieva, Silvia"]
[Black "Thomas, Anysia"]
[Result "1/2-1/2"]
[WhiteElo "2223"]
[BlackElo "2147"]
[PlyCount "127"]
[EventDate "2022.08.12"]
[EventType "k.o."]
[EventRounds "4"]
[EventCountry "FRA"]
[SourceTitle "CBM 209 Extra"]
[Source "ChessBase"]
[SourceDate "2022.09.30"]
[SourceVersion "1"]
[SourceVersionDate "2022.09.30"]
[SourceQuality "1"]

1. c4 g6 2. e4 c5 3. Nf3 Nc6 4. d4 cxd4 5. Nxd4 Bg7 6. Be3 Nf6 7. Nc3 Ng4 8. Qxg4 Nxd4 9. Qd1 e5 10. Bd3 0-0 11. 0-0 d6 12. a4 Be6 13. a5 Rc8 14. Bxd4 exd4 15. Nd5 Bxd5 16. exd5 Re8 17. Re1 Re5 18. b4 f5 19. Ra2 Qh4 20. Rae2 Rce8 21. c5 Qd8 22. c6 Qc7 23. Qa4 Kf8 24. b5 Bh6 25. Qb4 bxc6 26. dxc6 Bg7 27. Rxe5 Bxe5 28. f4 Bxf4 29. Rxe8+ Kxe8 30. Qxd4 Be5 31. Qa4 d5 32. g3 Bxg3 33. Qa2 Qe5 34. Qe2 Bxh2+ 35. Kf1 Kd8 36. Qxe5 Bxe5 37. b6 axb6 38. axb6 Bb8 39. Bb1 Ke7 40. c7 Bxc7 41. bxc7 Kd7 42. Ba2 Kxc7 43. Bxd5 h6 44. Bf7 g5 45. Bg6 f4 46. Bh5 Kd6 47. Kf2 Ke5 48. Ke2 Kf6 49. Kf2 Ke5 50. Ke2 Ke4 51. Kf2 Kd3 52. Bg6+ Kd4 53. Bh5 Ke4 54. Ke2 f3+ 55. Bxf3+ Kf4 56. Kf2 Kf5 57. Kg3 Kg6 58. Be4+ Kf6 59. Kg4 Ke5 60. Bg6 Kf6 61. Bh5 Kg7 62. Kf5 Kh7 63. Kf6 Kh8 64. Kg6 1/2-1/2

[Event "FRA-chT Top 16 GpA"]
[Site "Chartres"]
[Date "2022.06.12"]
[Round "4.2"]
[White "Lemonnier, Remi"]
[Black "Alexieva, Silvia"]
[Result "0-1"]
[WhiteElo "2033"]
[BlackElo "2231"]
[PlyCount "132"]
[EventDate "2022.06.09"]
[EventType "team-tourn"]
[EventRounds "7"]
[EventCountry "FRA"]
[SourceTitle "CBM 208 Extra"]
[Source "ChessBase"]
[SourceDate "2022.07.31"]
[SourceVersion "1"]
[SourceVersionDate "2022.07.31"]
[SourceQuality "1"]
[WhiteTeam "Paris Club 608"]
[BlackTeam "Chalon"]
[WhiteTeamCountry "FRA"]
[BlackTeamCountry "FRA"]

1. e4 d6 2. d4 Nf6 3. Nc3 e5 4. Nge2 Be7 5. g3 c6 6. Bg2 b5 7. a3 Nbd7 8. 0-0 a5 9. d5 Bb7 10. h3 0-0 11. g4 b4 12. dxc6 Bxc6 13. Nd5 Nxd5 14. exd5 Bb5 15. Re1 Bh4 16. Ng3 Bxg3 17. fxg3 Qc7 18. Bd2 bxa3 19. Rxa3 a4 20. Kh2 Rfc8 21. Rc3 Qb7 22. Rxc8+ Rxc8 23. Bb4 Qb6 24. Qd2 Rc4 25. c3 Rc8 26. Bf1 Nc5 27. Qf2 Qb7 28. Bxb5 Qxb5 29. Rf1 Qb7 30. Qf5 Rc7 31. Qg5 f6 32. Qf5 Qxd5 33. Bxc5 dxc5 34. g5 Rc6 35. gxf6 Rxf6 36. Qc8+ Kf7 37. Rxf6+ gxf6 38. Qf5 Qd2+ 39. Kg1 Qc1+ 40. Kg2 Qxb2+ 41. Kg1 Qc1+ 42. Kg2 Qd2+ 43. Kf1 Qd1+ 44. Kf2 Kg7 45. Qe6 Qd2+ 46. Kf1 Qd3+ 47. Kf2 a3 48. Qe7+ Kg6 49. Qe8+ Kg5 50. Qg8+ Qg6 51. Qa2 Qf5+ 52. Kg2 Qe4+ 53. Kh2 c4 54. Qd2+ Kg6 55. Qd8 Qc2+ 56. Kg1 Qb1+ 57. Kh2 Qb2+ 58. Kg1 Kf5 59. g4+ Ke4 60. Qxf6 Qc1+ 61. Kg2 Qd2+ 62. Kg1 Qxc3 63. Qc6+ Kd3 64. Qf3+ Kc2 65. Qe4+ Kc1 66. Qe2 Qd4+ 0-1

[Event "FRA-chT Top 12"]
[Site "Chalons en Champagne"]
[Date "2021.06.27"]
[Round "4.4"]
[White "Sebag, Marie"]
[Black "Alexieva, Silvia"]
[Result "1-0"]
[WhiteElo "2438"]
[BlackElo "2271"]
[PlyCount "125"]
[EventDate "2021.06.24"]
[EventType "team-tourn"]
[EventRounds "11"]
[EventCountry "FRA"]
[SourceTitle "CBM 203 Extra"]
[Source "ChessBase"]
[SourceDate "2021.09.30"]
[SourceVersion "1"]
[SourceVersionDate "2021.09.30"]
[SourceQuality "1"]
[WhiteTeam "Bischwiller"]
[BlackTeam "Chalons en Champagne"]
[WhiteTeamCountry "FRA"]
[BlackTeamCountry "FRA"]

1. e4 c5 2. Nf3 e6 3. c3 d5 4. exd5 Qxd5 5. d4 Nf6 6. Be3 cxd4 7. cxd4 Nc6 8. Nc3 Qa5 9. Bc4 Be7 10. 0-0 0-0 11. a3 a6 12. Qe2 Rd8 13. Rfd1 Qh5 14. Ne5 Qxe2 15. Bxe2 Nd5 16. Nxd5 exd5 17. Rac1 Bd7 18. Nxd7 Rxd7 19. Bg4 Rdd8 20. b4 g6 21. g3 f5 22. Bf3 Rd7 23. h4 Kf7 24. Rd3 Nd8 25. Bf4 Ne6 26. Be5 Bf6 27. a4 Be7 28. Rb3 Bf6 29. Bxf6 Kxf6 30. Rd3 Rd6 31. a5 Rb8 32. Be2 b6 33. Rd2 bxa5 34. bxa5 Rb4 35. Kg2 Nxd4 36. Rc7 h5 37. Bf1 Ne6 38. Ra7 Ra4 39. Rxa6 Rxa6 40. Bxa6 Rxa5 41. Bc8 Rc5 42. Bd7 Ke7 43. Ba4 Nc7 44. Rb2 Ra5 45. Rb7 Kd6 46. Rb6+ Ke5 47. Bd7 Ra6 48. f4+ Ke4 49. Rxa6 Nxa6 50. Be8 d4 51. Bxg6 Nc5 52. Bxh5 d3 53. Bf3+ Ke3 54. h5 Nd7 55. h6 Nf6 56. Bd1 Kd2 57. Ba4 Ke2 58. Kh3 Kf2 59. Kh4 Nh7 60. Kh5 Kxg3 61. Kg6 Nf8+ 62. Kf7 Nh7 63. Kg7 1-0

[Event "Trophee Roza Lallemand Online"]
[Site "Tornelo INT"]
[Date "2020.12.13"]
[Round "7"]
[White "Alexieva, Silvia"]
[Black "Soubirou, Oriane"]
[Result "0-1"]
[WhiteElo "2271"]
[BlackElo "2116"]
[PlyCount "64"]
[EventDate "2020.12.13"]
[EventType "swiss (rapid)"]
[EventRounds "9"]
[EventCountry "USA"]
[SourceTitle "EXT 2022"]
[Source "ChessBase"]
[SourceDate "2021.10.06"]
[SourceVersion "1"]
[SourceVersionDate "2021.10.06"]
[SourceQuality "1"]

1. d4 Nf6 2. Bf4 g6 3. Nc3 Bg7 4. e4 d5 5. e5 Ne4 6. Nxe4 dxe4 7. Qd2 c5 8. 0-0-0 cxd4 9. Qxd4 Qxd4 10. Rxd4 Nc6 11. Rxe4 Bf5 12. Re1 0-0 13. Nf3 Rac8 14. Re2 Nb4 15. Nd4 Nd3+ 16. Kd2 Nxf4 17. Nxf5 gxf5 18. Re3 Ng6 19. f4 Nxf4 20. Bb5 Ng6 21. Rf3 Rc5 22. Ba4 Rd8+ 23. Kc1 Rxe5 24. Rhf1 h5 25. a3 e6 26. Kb1 Re2 27. Rh3 Rxg2 28. Rxh5 Rd4 29. Bb3 Rh4 30. Rxh4 Nxh4 31. Rd1 f4 32. Re1 f3 0-1

[Event "Trophee Roza Lallemand Online"]
[Site "Tornelo INT"]
[Date "2020.12.13"]
[Round "8"]
[White "Daulyte Cornette, Deimante"]
[Black "Alexieva, Silvia"]
[Result "1-0"]
[WhiteElo "2400"]
[BlackElo "2271"]
[PlyCount "59"]
[EventDate "2020.12.13"]
[EventType "swiss (rapid)"]
[EventRounds "9"]
[EventCountry "USA"]
[SourceTitle "EXT 2022"]
[Source "ChessBase"]
[SourceDate "2021.10.06"]
[SourceVersion "1"]
[SourceVersionDate "2021.10.06"]
[SourceQuality "1"]

1. e4 c5 2. Nc3 Nc6 3. Bb5 g6 4. Nf3 Bg7 5. 0-0 Nd4 6. Ba4 a6 7. Nxd4 Bxd4 8. Ne2 Bg7 9. c3 Nf6 10. e5 Nd5 11. d4 b5 12. dxc5 bxa4 13. Qxd5 Rb8 14. f4 Bb7 15. Qc4 Qc7 16. Nd4 0-0 17. Be3 Rfc8 18. Qxa4 Qxc5 19. Nf5 Qc4 20. Nxe7+ Kf8 21. Qa3 Qe4 22. Nxc8+ Kg8 23. Ne7+ Kh8 24. Rf3 Bf8 25. Qd6 Re8 26. Qf6+ Bg7 27. Qxf7 Rf8 28. Nxg6+ Qxg6 29. Qxg6 hxg6 30. Rf2 1-0